Essentials of health information management : principles and practices

Salvato in:
Dettagli Bibliografici
Autore principale: GREEN, Michelle A.
Natura: Libro
Lingua:inglese
Pubblicazione: Delmar Cengage 2009
Tags: Aggiungi Tag
Nessun Tag, puoi essere il primo ad aggiungerne!!

MARC

LEADER 00000nam a22000007a 4500
008 201221b ||||| |||| 00| 0 eng d
020 |a ISBN: 978-14354-8330-9 
100 |a GREEN, Michelle A. 
245 |a Essentials of health information management  |b : principles and practices  |c Michelle A. Green, Mary Jo Bowie  |g . Xiii,369p.; ill. 
250 |b 2nd ed 
260 |b Delmar Cengage  |c  2009  |h  New York  |i 680604   |l RA976 .G82  |m Medical records – Management  |m Medical records administration. 
500 |a “Includes bibliography, index and CD-ROM” 
942 |a lcc  |c BK  |e Olagoke, M.A  |f 21/12/2020 
952 |0 0  |1 0  |2 lcc  |4 0  |6 RA0976 G82  |7 0  |9 1001  |a HOL  |b HOL  |c QZ  |d 2020-12-21  |l 0  |o RA976 .G82  |p 2020-230225  |r 2020-12-21 00:00:00  |w 2020-12-21  |y BK 
999 |c 518  |d 518